Is the payoff worth the risk? (Record no. 82960)

MARC details
000 -LEADER
fixed length control field 01225cab a22002055a 4500
001 - CONTROL NUMBER
control field L152422
008 - FIXED-LENGTH DATA ELEMENTS--GENERAL INFORMATION
fixed length control field 110307e2011 xxk 000 0 eng d
035 ## - SYSTEM CONTROL NUMBER
System control number (Sirsi) u152422
041 0# - LANGUAGE CODE
Language code of text/sound track or separate title eng
110 2# - MAIN ENTRY--CORPORATE NAME
Corporate name or jurisdiction name as entry element EuroProperty
9 (RLIN) 1216
245 00 - TITLE STATEMENT
Title Is the payoff worth the risk?
260 ## - PUBLICATION, DISTRIBUTION, ETC.
Date of publication, distribution, etc. 2011
490 #0 - SERIES STATEMENT
Series statement EuroProperty
Volume/sequential designation 21 February 2011, 6-7(2)
520 ## - SUMMARY, ETC.
Summary, etc. A recent Urban Land Institute (ULI) study "Have property funds performed?" challenges real estate's investment performance position sitting between bonds (lower risk/return) and equities (higher risk /return) and investors are increasingly asking why they should invest in real estate. The ULI study found generally that core funds had higher level of risk than anticipated and had not tracked the direct property index as closely as expected. Opportunity funds on the other hand have delivered higher returns mainly by taking risk.
590 ## - LOCAL NOTE (RLIN)
Local note KA
651 #4 - SUBJECT ADDED ENTRY--GEOGRAPHIC NAME
Geographic name Europe
690 ## - LOCAL SUBJECT ADDED ENTRY--TOPICAL TERM (OCLC, RLIN)
Topical term or geographic name as entry element PROPERTY-COMMERCIAL PROPERTY-COMMERCIAL PROPERTY FINANCE AND INVESTMENT
856 40 - ELECTRONIC LOCATION AND ACCESS
Uniform Resource Identifier <a href="https://www.uli.org/LearnAboutULI/WhereWeAre/~/media/Documents/LearnAboutULI/WhereWeAre/Europe/funds%20release.ashx">https://www.uli.org/LearnAboutULI/WhereWeAre/~/media/Documents/LearnAboutULI/WhereWeAre/Europe/funds%20release.ashx</a>
Public note View the ULI report free of charge (PDF) at www.uli.org
942 ## - ADDED ENTRY ELEMENTS (KOHA)
Suppress in OPAC 0
Holdings
Withdrawn status Lost status Source of classification or shelving scheme Damaged status Not for loan Home library Current library Shelving location Date acquired Total Checkouts Full call number Barcode Date last seen Copy number Price effective from Koha item type
    Dewey Decimal Classification     London London Journal article 07/03/2011   L152422 152422-1001 06/08/2019 1 06/08/2019 Journal article